Score 0/16 Timer 05:00
4 Plays Today
% Correct
Friends (Matthew Perry & Courteney Cox)
98.5%
Home Improvement (Richard Karn & Tim Allen)
86.8%
That '70s Show (Mila Kunis & Ashton Kutcher)
86.7%
Seinfeld (Richards, Alexander, Seinfeld, Louis-Dreyfus)
85.4%
Cheers (John Ratzenberger & Ted Danson)
80.2%
Mork & Mindy (Pam Dawber & Robin Williams)
77.2%
Gilligan's Island (Bob Denver & Alan Hale Jr.)
75.1%
Roseanne (Sara Gilbert & Johnny Galecki)
71.8%
% Correct
Frasier (John Mahoney & Jane Leeves)
67.2%
Lost (Terry O'Quinn & Daniel Dae Kim)
60.8%
Star Trek (William Shatner & Leonard Nimoy)
57%
The Dick Van Dyke Show (Dick Van Dyke & Mary Tyler Moore)
56.8%
ER (Maura Tierney & Julianna Margulies)
51.9%
I Dream of Jeannie (Barbara Eden & Larry Hagman)
42.7%
Night Court (Charles Robinson, Harry Anderson & Markie Post)
41.6%
Monty Python’s Flying Circus (Michael Palin & Terry Jones)
29.5%
Remove Ads.
Support Sporcle.
Get the best of Sporcle when you Go Orange. This ad-free experience offers more features, more stats, and more fun while also helping to support Sporcle. Thank you for becoming a member.

You're not logged in!

Compare scores with friends on all Sporcle quizzes.
OR
Log In

Show Comments

Extras

Top Quizzes Today


Score Distribution

Your Account Isn't Verified!

In order to create a playlist on Sporcle, you need to verify the email address you used during registration. Go to your Sporcle Settings to finish the process.

Report this User

Report this user for behavior that violates our Community Guidelines.

Details: